000
00303nam a2200121Ia 4500
005
20251222151337.0
008
251222s9999||||xx |||||||||||||| ||spa||
020
_a
9788416115228
082
_a
657.302.18/B82
245
0
_a
Nuevas tendencias en Información Financiera:
264
_b
Bresca
942
_c
LIB
999
_c
24328
_d
24328